000 00302nam a22001337a 4500
008 181205b xxu||||| |||| 00| 0 eng d
020 _a9780852636732
041 _aeng
080 _a720
100 _a41
101 _aARK
245 _aDiscovering Cottage Architecture
_cPowell,Ch
942 _2udc
_cBK
999 _c52854
_d52854